|
|
แสดงรายละเอียดบรรณานุกรม |
|
|
Brief Record
: Get Marc (ISO 2709)
: E-mail record
: |
|
|
| LEADER 00000nam 2200000uu 4500 | |||
| 001 211196 | |||
| 003 ULIBM | |||
| 008 020711s2012 th a 000 0 eng d | |||
| 020 9781569571569 | |||
| 050 BJ1486.5.T5 K45n 2012 | |||
| 100 Khyentse, Dzongsar J. | |||
| 245 Not for happiness : ^ba guide to the So-Calted preliminary practices/^cDzongsar Jamyang Khyentse | |||
| 250 5th ed. | |||
| 260 Boston,Mass :^bShambhala South Asia Editions,^c2012 | |||
| 300 xvi,224 pages :^bภาพประกอบ ;^c21 cm | |||
| 650 4 Spiritual life^xBuddhism | |||
| 650 4 ^aHappiness | |||
| 999 ^aใช้งานได้ทุกระบบ | |||
| คุณยังไม่ได้ล็อกอิน คุณสามารถมีกิจกรรมร่วมกับเว็บไซต์ได้ แต่ต้องล็อกอินก่อน :: |
|
| สถานะ | |||||||||
| 1. | หนังสือทั่วไป สถานะ=หนังสือเก่า - บริการ ณ ห้องสมุด (ห้องเหลือง) | BJ1486.5.T5 K45n 2012 c.1 | On Shelf ขอยืม | ||||||
| [แสดง 1/1 รายการ] | |||||||||
| รายการใกล้เคียง หัวเรื่อง [Happiness] |
BibComment |
| คอมเมนท์ทรัพยากรรายการนี้ |
|
|